| 000 | 00624nam a2200193 a 4500 | ||
|---|---|---|---|
| 001 | 22905 | ||
| 003 | CO-ViMGA | ||
| 008 | 141112s2004 ck r 000 u spa d | ||
| 020 | _a8428309566 | ||
| 040 |
_aCO-ViMGA _bspa _cCO-ViMGA |
||
| 082 | 0 | 4 | _a550 M353g |
| 100 | 1 |
_aMelendez, Bermudo _932868 |
|
| 245 | 1 | 0 | _aGeologìa |
| 260 |
_aEspaña : _bParaninfo |
||
| 300 | _a911p. | ||
| 505 | _aLa geologia, Estructura general y composicion, El ciclo economico, El agua subterranea, Accion geologica, Las rocas exogenas, Las rocas de percipitacion, quimica, Los hidrocarburos naturales | ||
| 650 | 1 | 4 | _aGEOLOGIA |
| 942 |
_2ddc _cBK |
||
| 999 |
_c31197 _d31197 |
||